[Event "VIE-ch U09"]
[Site "Ho Chi Minh City"]
[Date "2014.07.13"]
[Round "1"]
[White "Pham, Huynh Tu"]
[Black "Nguyen, Huu Khang"]
[Result "1-0"]
[WhiteElo "1451"]
[BlackElo "1502"]
[PlyCount "41"]
[EventDate "2014.07.13"]
[EventType "swiss"]
[EventRounds "9"]
[EventCountry "VIE"]
[SourceTitle "EXT 2016"]
[Source "ChessBase"]
[SourceDate "2015.10.08"]
[SourceVersion "1"]
[SourceVersionDate "2015.10.08"]
[SourceQuality "1"]

1. e4 e5 2. Bc4 Nc6 3. Nf3 Nd4 4. c3 Nxf3+ 5. Qxf3 Qf6 6. Qxf6 Nxf6 7. d3 Bc5 8. h3 c6 9. Nd2 d5 10. exd5 b5 11. Bb3 cxd5 12. 0-0 0-0 13. Re1 Re8 14. Nf3 Bd6 15. Bg5 Bb7 16. c4 bxc4 17. dxc4 d4 18. Rac1 Nd7 19. Bd2 Re6 20. c5 Rg6 21. c6 1-0